American in warsaw (Record no. 139269)

MARC details
000 -LEADER
fixed length control field 00889nam a2200253Ia 4500
003 - CONTROL NUMBER IDENTIFIER
control field OSt
005 - DATE AND TIME OF LATEST TRANSACTION
control field 20220918171356.0
008 - FIXED-LENGTH DATA ELEMENTS--GENERAL INFORMATION
fixed length control field 220917b |||||||| |||| 00| 0 eng d
020 ## - INTERNATIONAL STANDARD BOOK NUMBER
International Standard Book Number 9781580469296 (hbk)
037 ## - SOURCE OF ACQUISITION
Terms of availability Textual
040 ## - CATALOGING SOURCE
Original cataloging agency ARTS
Transcribing agency ARTS
Language of cataloging eng
041 ## - LANGUAGE CODE
Source of code eng
Language code of text/sound track or separate title eng
100 ## - MAIN ENTRY--PERSONAL NAME
Personal name Hux Reed Vivian [...et al] Ed.
9 (RLIN) 36167
245 #0 - TITLE STATEMENT
Title American in warsaw
Remainder of title selected writings of Hugh S. Gibson, us minister to poland 1919-1924
260 ## - PUBLICATION, DISTRIBUTION, ETC.
Place of publication, distribution, etc. New York
Name of publisher, distributor, etc. University of Rochester Press USA
Date of publication, distribution, etc. 2018
300 ## - PHYSICAL DESCRIPTION
Extent xxvii,546p.
Dimensions cm.
650 ## - SUBJECT ADDED ENTRY--TOPICAL TERM
Topical term or geographic name entry element FOREIGN RELATIONS; HISTORY
9 (RLIN) 31568
942 ## - ADDED ENTRY ELEMENTS (KOHA)
Classification part V595:1973, Q8
Koha item type Textual
Source of classification or shelving scheme Colon Classification (CC)
Holdings
Withdrawn status Lost status Damaged status Not for loan Home library Current library Date acquired Source of acquisition Total Checkouts Full call number Barcode Date last seen Price effective from Koha item type
        Arts Library Arts Library 2022-09-18 4406, 12/02/2020, Govinda Book House   V595:1973 Q8 AL1664598 2022-09-18 2022-09-18 Textual
Copyright @ Delhi University Library System